[Event "Sautron op 18th"]
[Site "Sautron "]
[Date "2018.10.20"]
[Round "2.17"]
[White "Renard, Emmanuel"]
[Black "Delorme, Alban"]
[Result "0-1"]
[WhiteElo "1812"]
[BlackElo "2320"]
[PlyCount "70"]
[EventDate "2018.10.20"]
[EventType "swiss"]
[EventRounds "9"]
[EventCountry "FRA"]
[SourceTitle "EXT 2021"]
[Source "ChessBase"]
[SourceDate "2020.10.23"]
[SourceVersion "1"]
[SourceVersionDate "2020.10.23"]
[SourceQuality "1"]

1. e4 c5 2. Nf3 Nc6 3. Bb5 d6 4. 0-0 Bd7 5. Re1 a6 6. Bf1 Nf6 7. c3 Bg4 8. d3 Bxf3 9. Qxf3 g6 10. Rd1 Bg7 11. d4 cxd4 12. cxd4 Qb6 13. d5 Nd4 14. Qd3 Ng4 15. Na3 Nb5 16. Nxb5 Qxf2+ 17. Kh1 Qb6 18. Rd2 axb5 19. Qxb5+ Qxb5 20. Bxb5+ Kd8 21. Rc2 Rc8 22. Rxc8+ Kxc8 23. a4 Nf2+ 24. Kg1 Nxe4 25. a5 Nc5 26. Ra2 Bd4+ 27. Kf1 Kb8 28. Bg5 f6 29. Bf4 g5 30. Bg3 Rc8 31. b4 Ne4 32. a6 Rc1+ 33. Be1 Nc3 34. Ra5 Nxb5 35. Rxb5 b6 0-1

[Event "Avoine op 31st"]
[Site "Avoine"]
[Date "2016.07.28"]
[Round "6"]
[White "Lukasiewicz, Krzysztof"]
[Black "Renard, Emmanuel"]
[Result "1-0"]
[WhiteElo "2002"]
[BlackElo "1639"]
[PlyCount "43"]
[EventDate "2016.07.23"]
[EventType "swiss"]
[EventRounds "9"]
[EventCountry "FRA"]
[SourceTitle "CBM 173 Extra"]
[Source "ChessBase"]
[SourceDate "2016.08.29"]
[SourceVersion "1"]
[SourceVersionDate "2016.08.29"]
[SourceQuality "1"]

1. e4 e5 2. Nf3 Nc6 3. Bc4 d6 4. 0-0 Be7 5. c3 Nf6 6. d3 0-0 7. Re1 Bg4 8. h3 Be6 9. Nbd2 Nd7 10. d4 Bxc4 11. Nxc4 exd4 12. cxd4 Re8 13. Ne3 b6 14. Nd5 Ncb8 15. Bf4 Nf6 16. Nc3 c5 17. Qd2 d5 18. e5 cxd4 19. Nxd4 Ne4 20. Nxe4 dxe4 21. Rxe4 Nc6 22. Nxc6 1-0